| LEADER |
01076nam0a2200205 450 |
| 001 |
16829251 |
| 010 |
|
|
|a 978-2-35648-455-0
|b cart.
|d 14,95
|
| 100 |
|
|
|a 20140920d2014 u u0frey01 ba
|
| 101 |
0 |
|
|a fre
|
| 102 |
|
|
|a FR
|
| 200 |
0 |
|
|a Red Skin
|f scénario Xavier Dorison
|g dessin Terry Dodson
|
| 207 |
|
1 |
|a
|
| 215 |
|
|
|a 1 vol. (64 p.)
|c illustrations en couleur
|d 32 x 24 cm
|
| 330 |
|
|
|a A la fin des années 1970, dans le but de lutter contre un groupe néofasciste qui menace les accords de désarmement nucléaire, les Soviétiques envoient Vera, leur meilleure agent féminin, aux Etats-Unis. Pour mener une opération de propagande, sa hiérarchie lui demande de se cacher derrière une identité secrète. Vera choisit un métier qui correspond à ses aspirations... et devient actrice porno !
|
| 461 |
|
0 |
|t Red Skin
|v 01
|
| 700 |
|
0 |
|a Dorison
|b Xavier
|f 1972-....
|4 70
|
| 701 |
|
0 |
|a Dodson
|b Terry
|4 440
|
| 900 |
|
|
|a Bandes déssinées ADULTE
|
| 901 |
|
|
|a Accessible au prêt
|
| 995 |
|
|
|a BD 13
|b 156
|c Bibliothèque
|f 00156008553984
|h 00156008553984
|k BDA DOR RED 1
|o p
|q a
|r az
|e BD 13
|